Psicoterapia clínica/

El tema central del presente trabajo consiste en la cuestión del trato con los pacientes psiquiátricos, con enfermos con una gran debilidad del ego y que se distinguen de los pacientes neuróticos, que han acaparado tradicionalmente el interés principal del psicoanálisis, esto sin centrarse en la cue...

Celý popis

Uloženo v:
Podrobná bibliografie
Hlavní autor: Benedetti, Gaetano
Médium: Kniha
Jazyk:Spanish
Vydáno: Barcelona: Editorial Herder, 1983
Edice:Biblioteca de Psicología n° 121
Témata:
Tagy: Přidat tag
Žádné tagy, Buďte první, kdo vytvoří štítek k tomuto záznamu!

MARC

LEADER 00000nam a22000007a 4500
003 cru CIDCACS/IIS
005 20231020062557.0
007 ta
008 181107b1983 sp |||||r|||||0|| ||spa d
040 |c cru CIDCACS/IIS 
090 |a PS05.01.01 B462p 
100 1 |9 7929  |a Benedetti, Gaetano 
245 1 |a Psicoterapia clínica/  |c Gaetano Benedetti 
260 |a Barcelona:  |b Editorial Herder,  |c 1983 
300 |a 223 páginas 
440 |9 7927  |a Biblioteca de Psicología  |v n° 121 
520 3 |a El tema central del presente trabajo consiste en la cuestión del trato con los pacientes psiquiátricos, con enfermos con una gran debilidad del ego y que se distinguen de los pacientes neuróticos, que han acaparado tradicionalmente el interés principal del psicoanálisis, esto sin centrarse en la cuestión del método. El texto no busca teorizar propiamente, sino que busca comprender lo que podría ser la comunicación con pacientes. Los tres temas principales que aparecen en el texto radican en la relación médico - paciente que investigan los principios del modo de ser de las personas que participan en la situación psiquiátrica, situación de transferencia , esencia y efecto de la interpretación. Los tres temas se encuentran relacionados entre sí por una multitud de enlaces recíprocos, ya que aluden una y otra vez, a determinados temas como el de la resistencia, denegación, realización de deseos, ambivalencia, preguntas y silencio del médico, interpretación directa y condescendencia. FGO 09/08/2022 
650 0 0 |0 TESAURO OCDE  |9 3096  |a PSIQUIATRIA 
650 0 0 |0 TESAURO OCDE  |9 6439  |a COMPORTAMIENTO 
650 0 0 |0 TESAURO OCDE  |9 5205  |a CONDUCTA 
650 0 0 |0 TESAURO OCDE  |9 10090  |a ENFERMEDADES MENTALES 
650 0 0 |0 TESAURO OCDE  |9 1645  |a TERAPIA 
650 0 0 |0 TESAURO OCDE  |a PSICOLOGIA  |9 3105 
942 |2 ddc  |c LI 
999 |c 41888  |d 41888